More advanced quantity surveying (Record no. 88346)

MARC details
000 -LEADER
fixed length control field 00470cam a2200193 4500
001 - CONTROL NUMBER
control field D9897
008 - FIXED-LENGTH DATA ELEMENTS--GENERAL INFORMATION
fixed length control field 090401t1969 xxu||||| |||| 00| 0 eng d
035 ## - SYSTEM CONTROL NUMBER
System control number (Sirsi) u23190
041 ## - LANGUAGE CODE
Language code of text/sound track or separate title eng
050 ## - LIBRARY OF CONGRESS CALL NUMBER
Classification number 692.5
100 ## - MAIN ENTRY--PERSONAL NAME
Personal name Willis, Arthur J
245 ## - TITLE STATEMENT
Title More advanced quantity surveying
260 ## - PUBLICATION, DISTRIBUTION, ETC.
Place of publication, distribution, etc. London
Name of publisher, distributor, etc. Crosby Lockwood
Date of publication, distribution, etc. 1969
300 ## - PHYSICAL DESCRIPTION
Extent 39p. ill. 2 plates. 26cm
350 ## - PRICE (NR) (BK AM CF MU VM SE) [OBSOLETE]
Price 0.75
700 ## - ADDED ENTRY--PERSONAL NAME
Personal name Willis, Christopher
942 ## - ADDED ENTRY ELEMENTS (KOHA)
Suppress in OPAC 0
948 ## - LOCAL PROCESSING INFORMATION (OCLC); SERIES PART DESIGNATOR (RLIN)
c (OCLC) 04/03/1997
Holdings
Withdrawn status Lost status Source of classification or shelving scheme Damaged status Not for loan Home library Current library Shelving location Date acquired Cost, normal purchase price Total Checkouts Full call number Barcode Date last seen Copy number Cost, replacement price Price effective from Koha item type
    Dewey Decimal Classification     London London Basement 14/09/1999 0.75   SHELF 137 30027646 06/08/2019 1 0.75 06/08/2019 Reference material
    Dewey Decimal Classification     London London Basement 22/08/1991 0.75   SHELF 137 30027648 06/08/2019 2 0.75 06/08/2019 Reference material